Grampanchayatiche nirmiti-rachana ani niwadnuka (Record no. 86555)

MARC details
000 -LEADER
fixed length control field 00507nam a2200181Ia 4500
008 - FIXED-LENGTH DATA ELEMENTS--GENERAL INFORMATION
fixed length control field 230125s9999 xx 000 0 und d
041 ## - LANGUAGE CODE
Language code of text/sound track or separate title eng
082 ## - DEWEY DECIMAL CLASSIFICATION NUMBER
Classification number 376
Item number KHU
100 ## - MAIN ENTRY--PERSONAL NAME
Personal name Khutwadkar M
9 (RLIN) 109889
245 ## - TITLE STATEMENT
Title Grampanchayatiche nirmiti-rachana ani niwadnuka
260 ## - PUBLICATION, DISTRIBUTION, ETC. (IMPRINT)
Date of publication, distribution, etc. 1997
Name of publisher, distributor, etc. Indian Institute of Education
300 ## - PHYSICAL DESCRIPTION
Extent 16p
500 ## - GENERAL NOTE
Keywords Panchayat raj,Marathi book
500 ## - GENERAL NOTE
Keywords Education;Grampanchayat
650 ## - SUBJECT ADDED ENTRY--TOPICAL TERM
Topical term or geographic name as entry element Education
9 (RLIN) 109890
700 ## - ADDED ENTRY--PERSONAL NAME
Personal name Khutwadkar M
9 (RLIN) 109889
Holdings
Withdrawn status Lost status Damaged status Not for loan Home library Current library Date acquired Vendor Cost, normal purchase price Total Checkouts Full call number Barcode Date last seen Cost, replacement price Bill Date Koha item type Original Barcode
        Smt. Hiraben Nanavati Institute of Management & Research for Women Smt. Hiraben Nanavati Institute of Management & Research for Women 26/10/1999 I I E 6.00   376 KHU B01910 HIMR-BK-1910 25/01/2023 6.00 26/10/1999 Books B01910